Memorias de Altagracia / (Registro nro. 8779)

Detalles MARC
000 -LIDER
fixed length control field 00792nam a2200265 4500
001 - NÚMERO DE CONTROL
Identificador de número de control 248497
003 - IDENTIFICACDOR DE NÚMERO DE CONTROL
control field DO-SdBNP
005 - DATE AND TIME OF LATEST TRANSACTION
control field 20180130145419.0
007 - CAMPOS FIJOS DE DESCRIPCIÓN FÍSICA
fixed length control field 248497
008 - ELEMENTOS DE LONGITUD FIJA
fixed length control field 890901s1982 sp 0 spa
016 7# - NO. DE CONTROL DE LA AGENCIA BIB. NACIONAL
Source BPMSU
020 ## - ISBN
International Standard Book Number 8437603447
040 ## - FUENTE DE CATALOGACIÓN
Agencia que crea de manera original el registro BPMSU
Idioma de catalogación spa
Agencia que realiza la transcripción BPMSU
100 1# - ASIENTO PRINCIPAL -- NOMBRE PERSONAL
Nombre personal Garmendia, Salvador
Fechas asociadas con el nombre 1928-2001
245 10 - MENCIÓN DE TITULO
Título Memorias de Altagracia /
Mención de responsabilidad Salvador Garmendía ; edición de Óscar Rodríguez Ortiz
260 ## - PUBLICACIÓN, DISTRIBUCIÓN, ETC. (PIE DE IMPRENTA)
Lugar de publicación, distribución, etc Madrid
Nombre del editor, distribuidor, etc. Cátedra
Fecha de publicación, distribución, etc D.L. 1982
300 ## - DESCRIPCIÓN FÍSICA
Extensión 232 p.:
Dimensiones 20 cm.
490 0# - MENCIÓN DE SERIES
Mención de serie Letras Hispánicas
Volume/sequential designation 156
504 ## - NOTA DE BIBLIOGRAFÍA, ETC.
Bibliography, etc Bibliografía: p. 35-38. Índice
700 1# - ASIENTO SECUNDARIO -- NOMBRE PERSONAL
Nombre personal Rodríguez Ortiz, Óscar
Mención de responsabilidad ed.
830 ## - ASIENTO SECUNDARIO DE SERIE--TÍTULO UNIFORME
Nombre de la parte o sección de una obra Letras Hispánicas
Volume number/sequential designation 156
942 ## - ADDED ENTRY ELEMENTS (KOHA)
Source of classification or shelving scheme Dewey Decimal Classification
Koha item type Libros
945 ## - INFORMACIÓN DE PROCESAMIENTO LOCAL
Información de procesamiento local Inventariado, 2018 / BT
956 ## - LOCAL ELECTRONIC LOCATION AND ACCESS (OCLC)
Nombre de host VMATEO
Método de acceso 10
Materiales especificados 20151117
Enlace BPMSU
Campo enlazado y núm. de secuencia 00151
Existencias
Withdrawn status Lost status Source of classification or shelving scheme Damaged status Not for loan Collection code Home library Current library Date acquired Source of acquisition Total Checkouts Barcode Date last seen Price effective from Koha item type Copy number
    Dewey Decimal Classification     Colección Juvenil General Biblioteca Pública Metropolitana Salomé Ureña Biblioteca Pública Metropolitana Salomé Ureña 11/18/2015 Fundación Educativa y Cultural   BPMSU15110347 11/18/2015 11/18/2015 Libros  
    Dewey Decimal Classification     Colección Juvenil General Biblioteca Pública Metropolitana Salomé Ureña Biblioteca Pública Metropolitana Salomé Ureña 11/18/2015 Fundación Educativa y Cultural   BPMSU15110348 11/18/2015 11/18/2015 Libros e. 2